000 00490nam a2200145 4500
001 1500
005 20181127163419.0
020 0 0 _a9993670582
090 0 0 _a954.98092 K521i 2008
245 0 0 _a100 years of monarchy :
_bA tribute to our beloved kings /
_c
_h
260 0 0 _aThimphu :
_bRabsell Media Services,
_c2008.
300 0 0 _a152 p. : chiefly col. ill.
650 0 0 _aBhutan --Kings and rulers --Pictorial works.
_x
650 0 0 _aJigme Singye Wangchuck, King of Bhutan, 1955- --Pictorial works.
_x
999 _c1116
_d1116